Seconde Guerre mondiale pour les nuls. - Statistiques

Statistiques générales
  • Ce quiz a été pris 47 472 fois
  • Le résultat moyen est 12 sur 15
Statistiques - réponses
Question Réponse % Correct
Qui a gagné la guerre? Les Alliés
98%
Quel ensemble de mouvements a lutté en France contre les forces de l'Axe et les réseaux collaborationnistes pendant l'occupation? La Résistance
97%
Quel était le nom de l'armée soviétique? L'armée Rouge
97%
Qui était le dirigeant italien durant une grande partie de la guerre? Benito Mussolini
93%
Quel pays l'Allemagne attaqua-t-elle le 1er septembre 1939, date considérée comme marquant le début de la guerre? Pologne
91%
Dans quel pays a eu lieu le Jour-J? France
89%
Lequel de ces pays ne fut jamais envahi? Brésil
82%
Lequel de ces pays ne faisait pas partie de l'Axe? Union Soviétique
82%
Vrai ou Faux. Les prisonniers capturés par les Japonais étaient généralement bien traités. Faux
81%
Vrai ou Faux. Moins de 1% de la population allemande a péri dans le conflit. Faux
81%
À quel animal Winston Churchill fut-il comparé? Bouledogue
79%
Si la Luftwaffe attaque, de quoi devez-vous vous méfier? Avions
75%
Quelle personne parmi les suivantes n'était pas nazie? Friedrich Nietzsche
72%
Quelle personne n'a jamais été Président des États-Unis durant la Seconde Guerre mondiale? Woodrow Wilson
67%
Quelle bataille a été considérée comme le «tournant» de la guerre du Pacifique? Bataille de Midway
34%
Aucun quiz correspondant
Distribution des résultats
% des personnes avec chaque résultat
Percentile par nombre de réponses
Votre historique - résultats
Vous n’avez pas pris ce quiz